| 000 | 00681nam a2200241 a 4500 | ||
|---|---|---|---|
| 001 | 24579 | ||
| 003 | BD-RjUL | ||
| 005 | 20211209001053.0 | ||
| 008 | 140313s1973 enkabc b 001 0 eng | ||
| 020 | _a0002119528 | ||
| 035 | _a(BD-RjUL)24648 | ||
| 040 |
_aLC _beng _cLC _dNU _dBD-RjUL |
||
| 041 | _aeng | ||
| 082 | 0 | 4 |
_a940.53 _bARW 1973 |
| 100 | 1 |
_aArnold-Forster, Mark. _975648 |
|
| 245 | 1 | 4 |
_aThe world at war / _cMark Arnold-Foster. |
| 260 |
_aLondon : _bCollins, _c1973. |
||
| 300 |
_ax, 340 p. : _billus., maps, ports. ; _c24 cm. |
||
| 504 | _aBibliography: p. 331. and index. | ||
| 650 | 0 |
_aWorld War, 1939-1945. _975649 |
|
| 942 |
_2ddc _cBK |
||
| 999 |
_c24579 _d24579 |
||